00702nam a2200241 a 4500001001300000003000900013005001700022008004100039020001000080082001700090100001600107245003600123260004300159300000900202500003500211505001000246650002900256700001600285902000800301942000700309952012900316999001500445nice12345678IN_TiNIC20260116011421.0050524s1910 lona grp 000 0 eng  ac10000a291.211bJEV aJevons, F B aIdea of God in Early Religions. aLondonbOxford University Press c1910 a170p aincludes index and biblioraphy2 aIndex aComparative Religion-God1 aJevons, F B bSRS cBK 001040708StackRoom-aHMIbHMId2007-07-19g100.00l1o291.211 JEVp00647r2022-09-14s2022-09-06v100.00w2005-05-24yBK c1345d1345